Colombia en contexto : (Registro nro. 4155)

Detalles MARC
000 -LEADER
fixed length control field 01034nam a2200229Ia 4500
003 - CONTROL NUMBER IDENTIFIER
control field OSt
005 - DATE AND TIME OF LATEST TRANSACTION
control field 20200723174119.0
008 - FIXED-LENGTH DATA ELEMENTS--GENERAL INFORMATION
fixed length control field 191128s2018 ck ad fr 000 0 spa d
020 ## - INTERNATIONAL STANDARD BOOK NUMBER
International Standard Book Number 9789585807679
040 ## - CATALOGING SOURCE
Original cataloging agency CO-JMCR
Transcribing agency CO-JMCR
041 0# - LANGUAGE CODE
Language code of text/sound track or separate title spa
082 04 - DEWEY DECIMAL CLASSIFICATION NUMBER
Classification number 338.9861 /
Item number M717c
Edition number 23
100 1# - MAIN ENTRY--PERSONAL NAME
Personal name Molano-Rojas Andrés,
Relator term compilador
9 (RLIN) 3303
245 10 - TITLE STATEMENT
Title Colombia en contexto :
Remainder of title inquietudes, oportunidades y tareas pendientes /
Statement of responsibility, etc. Andres Molano-Rojas
260 ## - PUBLICATION, DISTRIBUTION, ETC.
Place of publication, distribution, etc. Bogotá :
Name of publisher, distributor, etc. Instituto de ciencia política Hernán Echavarría Olózaga,
Date of publication, distribution, etc. 2018
300 ## - PHYSICAL DESCRIPTION
Extent 284 Páginas :
Other physical details gráficos a blanco y negro ;
Dimensions 24 cm.
505 0# - FORMATTED CONTENTS NOTE
Formatted contents note Ampliación democrática y gobernabilidad: ¿La hipertrofia de la participación? -- Los desafíos de justicia más allá de la justicia especial para la paz -- La clase media en Colombia: expansión, vulnerabilidad y sostenibilidad
650 14 - SUBJECT ADDED ENTRY--TOPICAL TERM
Topical term or geographic name entry element Economía social de mercado
Geographic subdivision Colombia
9 (RLIN) 7744
650 14 - SUBJECT ADDED ENTRY--TOPICAL TERM
Topical term or geographic name entry element Economía social
Geographic subdivision Colombia
9 (RLIN) 7745
650 14 - SUBJECT ADDED ENTRY--TOPICAL TERM
Topical term or geographic name entry element Economía Solidaria
9 (RLIN) 6172
942 ## - ADDED ENTRY ELEMENTS (KOHA)
Source of classification or shelving scheme Dewey Decimal Classification
Koha item type Books
Existencias
Withdrawn status Lost status Source of classification or shelving scheme Damaged status Not for loan Collection code Home library Current library Date acquired Source of acquisition Full call number Barcode Date last seen Copy number Koha item type
    Dewey Decimal Classification     Non-fiction Biblioteca Pública José María del Castillo y Rada Biblioteca Pública José María del Castillo y Rada 04/15/2018 Donación 338.9861 / M717c 201808977 05/16/2024 Ej.1 Books